000 00669nam a2200253Ia 4500
003 OSt
005 20221007110131.0
006 a|||||r|||| 00| 0
007 ta
008 221006b |||||||| |||| 00| 0 eng d
024 _a20,444
037 _cTextual
040 _aLCO
_cLCO
_beng
041 _2eng
_aeng
082 _aZ1,8, K5
100 _aRosenne Shabtai
_9469643
245 0 _aLaw and Practice of the International Court
260 _aNew
_bYork A.W.Sijthoff USA
_c1965
300 _aVarious
490 _vVol.1&21
650 _aINTERNATIONAL COURT
942 _hZ1,8, K5
_cTEXL
999 _c1190007
_d1190007